[Event "AUTO-OPEN-4180"]
[Site "http://www.queenalice.com/game.php?id=1614516"]
[Date "2020.5.30"]
[Round "1"]
[White "Bigchess"]
[Black "szachowykat"]
[Result "0-1"]
[WhiteElo "1767"]
[BlackElo "2089"]

1. e4 e6 2. Nf3 c5 3. Be2 a6 4. d4 cxd4 5. Nxd4 g6 6. Nc3 Bg7 7. Nf3 Nc6 8. O-O
Nge7 9. Be3 d5 10. exd5 exd5 11. Bd2 O-O 12. Qc1 Nf5 13. Bd3 Nb4 14. Be2 Re8 15.
a3 d4 16. Nxd4 Nxd4 17. axb4 Rxe2 18. Be3 Rxc2 19. Qd1 Rxb2 20. Rc1 Rxb4 21. Ne2
Bg4 22. f3 Nxe2+ 23. Qxe2 Be6 24. Kh1 Rb2 25. Qe1 a5 0-1

[Event "AUTO-ADV-4266"]
[Site "http://www.queenalice.com/game.php?id=1614682"]
[Date "2020.5.31"]
[Round "2"]
[White "dazzeechain"]
[Black "szachowykat"]
[Result "0-1"]
[WhiteElo "1933"]
[BlackElo "2127"]

1. e4 e6 2. d4 d5 3. Nc3 Nf6 4. e5 Nfd7 5. Bb5 a6 6. Bxd7+ Bxd7 7. f4 c5 8. Nce2
Qh4+ 9. g3 Qh5 10. c3 f6 11. Kf2 fxe5 12. fxe5 Be7 13. Be3 g5 14. Kg2 Rf8 15.
Qd2 Nc6 16. Rf1 Rxf1 17. Kxf1 O-O-O 18. Kg2 Nxe5 19. dxe5 d4 20. cxd4 Bc6+ 0-1

[Event "AUTO-ADV-4266"]
[Site "http://www.queenalice.com/game.php?id=1614683"]
[Date "2020.5.31"]
[Round "2"]
[White "szachowykat"]
[Black "dazzeechain"]
[Result "1-0"]
[WhiteElo "2139"]
[BlackElo "1820"]

1. c4 e6 2. g3 Nf6 3. Bg2 Bc5 4. e3 d5 5. d4 Bb4+ 6. Bd2 Bxd2+ 7. Nxd2 O-O 8.
Ne2 c6 9. O-O Na6 10. Rc1 Nc7 11. Nf4 Re8 12. Nd3 a6 13. f4 dxc4 14. Nxc4 Ncd5
15. Qe2 h6 16. g4 1-0

[Event "AUTO-ADV-4266"]
[Site "http://www.queenalice.com/game.php?id=1614688"]
[Date "2020.5.31"]
[Round "2"]
[White "szachowykat"]
[Black "Pin"]
[Result "1/2-1/2"]
[WhiteElo "2120"]
[BlackElo "1975"]

1. e4 c5 2. f4 d5 3. e5 Bf5 4. Nf3 e6 5. d3 Nc6 6. c3 h6 7. Be2 Nge7 8. O-O Nc8
9. Na3 a6 10. Nc2 Be7 11. Ne3 Bh7 12. g4 Nb6 13. Ng2 O-O 14. Be3 d4 15. Bf2 Rc8
16. cxd4 cxd4 17. a3 1/2-1/2

[Event "AUTO-ADV-4266"]
[Site "http://www.queenalice.com/game.php?id=1614689"]
[Date "2020.5.31"]
[Round "2"]
[White "Pin"]
[Black "szachowykat"]
[Result "0-1"]
[WhiteElo "1927"]
[BlackElo "2133"]

1. e4 e6 2. d4 d5 3. e5 c5 4. c3 Nc6 5. Nf3 Qb6 6. Be2 cxd4 7. cxd4 Nh6 8. Bxh6
Qxb2 9. Nbd2 gxh6 10. O-O Nxd4 11. Qa4+ Nc6 12. Bb5 Bd7 13. Rab1 Qa3 14. Qf4 Bg7
15. Rfe1 a6 16. Ba4 b5 17. Bb3 O-O 18. Nf1 f6 19. Qg3 fxe5 0-1

[Event "AUTO-ADV-4266"]
[Site "http://www.queenalice.com/game.php?id=1614690"]
[Date "2020.5.31"]
[Round "2"]
[White "szachowykat"]
[Black "Fredo"]
[Result "1-0"]
[WhiteElo "2122"]
[BlackElo "1879"]

1. e4 c5 2. f4 d6 3. Nf3 Nc6 4. d3 e5 5. c3 Be7 6. Be2 Nf6 7. O-O O-O 8. Na3 Be6
9. Nc2 Rc8 10. f5 Bd7 11. Ne3 a6 12. g4 b5 13. g5 Ne8 14. h4 Nc7 15. Qe1 Re8 16.
Qg3 Bf8 17. h5 1-0

[Event "AUTO-ADV-4266"]
[Site "http://www.queenalice.com/game.php?id=1614691"]
[Date "2020.5.31"]
[Round "2"]
[White "Fredo"]
[Black "szachowykat"]
[Result "0-1"]
[WhiteElo "1905"]
[BlackElo "2116"]

1. e4 e6 2. d4 d5 3. exd5 exd5 4. Bd3 Bd6 5. Nf3 Bg4 6. O-O c6 7. Bg5 Bxf3 8.
Qe1+ Ne7 9. Bxe7 Bxe7 10. gxf3 O-O 11. Qe5 Bd6 12. Qh5 g6 13. Qh3 Qb6 14. Nd2
Qxd4 15. Rae1 Qf6 16. Kh1 Qxb2 17. Qh6 Nd7 18. f4 Qb4 19. f5 Bf4 20. Qh4 Bxd2
0-1

[Event "AUTO-OPEN-4193"]
[Site "http://www.queenalice.com/game.php?id=1619640"]
[Date "2020.7.7"]
[Round "1"]
[White "ignacius_01"]
[Black "szachowykat"]
[Result "0-1"]
[WhiteElo "2055"]
[BlackElo "2191"]

1. d4 d5 2. c4 e5 3. dxe5 d4 4. a3 Nc6 5. b4 Nxe5 6. Qb3 a5 7. Nd2 axb4 8. Ngf3
Nxf3+ 9. Nxf3 c6 10. Bd2 bxa3 11. g3 Nf6 12. Bg2 Ne4 13. O-O Nxd2 14. Nxd2 Be7
15. Nb1 Qa5 16. Qd3 a2 17. Nd2 Bf5 18. Be4 Bxe4 19. Nxe4 f5 20. Nd2 Qc3 21. Nf3
Qxd3 22. exd3 Bb4 23. Ne1 Bc3 24. Nc2 Bxa1 25. Rxa1 c5 26. Re1+ Kd7 27. Na1 b5
28. cxb5 Rhb8 29. Kg2 Rxb5 0-1

[Event "AUTO-OPEN-4193"]
[Site "http://www.queenalice.com/game.php?id=1619641"]
[Date "2020.7.7"]
[Round "1"]
[White "szachowykat"]
[Black "ignacius_01"]
[Result "1-0"]
[WhiteElo "2174"]
[BlackElo "2085"]

1. c4 c5 2. g3 Nf6 3. Nc3 e6 4. Nf3 Be7 5. Bg2 Nc6 6. O-O a6 7. d4 cxd4 8. Nxd4
O-O 9. Bf4 Nxd4 10. Qxd4 d6 11. Qd2 e5 12. Bg5 Rb8 13. Rfd1 Qb6 14. Bxf6 Bxf6
15. Nd5 Qd8 16. Nxf6+ Qxf6 17. Qxd6 Be6 18. c5 Rfd8 19. Qb6 Rxd1+ 20. Rxd1 h6
21. c6 Qe7 22. c7 Rc8 23. Rd8+ Kh7 24. Rxc8 Bxc8 25. Bxb7 1-0

[Event "AUTO-OPEN-4193"]
[Site "http://www.queenalice.com/game.php?id=1619662"]
[Date "2020.7.7"]
[Round "1"]
[White "szachowykat"]
[Black "josebaron"]
[Result "1/2-1/2"]
[WhiteElo "2165"]
[BlackElo "2450"]

1. e4 e5 2. Nf3 Nc6 3. d4 exd4 4. Bc4 Be7 5. O-O d6 6. Nxd4 Nf6 7. Nc3 Ne5 8.
Bb3 c5 9. Ba4+ Kf8 10. Nde2 a6 11. f4 Neg4 12. e5 dxe5 13. Qxd8+ Bxd8 14. h3 b5
15. hxg4 Nxg4 16. Nxb5 axb5 17. Bxb5 Ba6 18. Bxa6 Rxa6 19. fxe5 Nxe5 20. a4 Ng4
21. b3 Bf6 22. c3 g6 23. Ba3 Be7 24. Rf4 h5 25. Rc4 Ne3 26. Rxc5 Nc2 27. Rc8+
Kg7 28. Rxh8 Kxh8 29. Bxe7 1/2-1/2

[Event "AUTO-OPEN-4193"]
[Site "http://www.queenalice.com/game.php?id=1619663"]
[Date "2020.7.7"]
[Round "1"]
[White "josebaron"]
[Black "szachowykat"]
[Result "1/2-1/2"]
[WhiteElo "2444"]
[BlackElo "2183"]

1. e4 e6 2. c4 c5 3. Nf3 Nc6 4. Nc3 Nd4 5. d3 Ne7 6. h4 Nec6 7. Be2 Be7 8. Kf1
O-O 9. Bf4 a6 10. Nxd4 Nxd4 11. Bf3 d6 12. g3 b5 13. Bg2 Rb8 14. b3 b4 15. Ne2
Nc6 16. Be3 e5 17. a3 a5 18. axb4 axb4 19. Kg1 Bg4 20. f3 Be6 21. Kh2 Ra8 22.
Qd2 Qc7 23. Ra2 Rxa2 24. Qxa2 Bc8 25. Ra1 f5 26. exf5 Bxf5 27. Qd2 h6 28. Ra2
Kh7 29. f4 Bf6 30. Bf2 1/2-1/2

[Event "AUTO-OPEN-4193"]
[Site "http://www.queenalice.com/game.php?id=1619664"]
[Date "2020.7.7"]
[Round "1"]
[White "szachowykat"]
[Black "ratorei"]
[Result "1-0"]
[WhiteElo "2151"]
[BlackElo "2204"]

1. e4 c5 2. f4 e5 3. Bc4 exf4 4. Nf3 Be7 5. d3 d6 6. Bxf4 Nf6 7. Nc3 O-O 8. O-O
Nc6 9. Qd2 a6 10. a4 Nd7 11. Rae1 Nde5 12. Nxe5 dxe5 13. Be3 Be6 14. Nd5 Bd6 15.
Bg5 Ne7 16. Nf6+ Kh8 17. Nh5 Bxc4 18. Nxg7 Kxg7 19. Bf6+ Kg8 20. Qh6 1-0

[Event "AUTO-OPEN-4193"]
[Site "http://www.queenalice.com/game.php?id=1619665"]
[Date "2020.7.7"]
[Round "1"]
[White "ratorei"]
[Black "szachowykat"]
[Result "0-1"]
[WhiteElo "2089"]
[BlackElo "2141"]

1. e4 e5 2. Nf3 Nc6 3. Bb5 f5 4. Nc3 fxe4 5. Nxe4 Nf6 6. Qe2 d5 7. Nc3 d4 8.
Nxe5 Be7 9. Nxc6 bxc6 10. Bxc6+ Bd7 11. Bxd7+ Qxd7 12. Ne4 Nxe4 13. Qxe4 O-O 14.
O-O Bd6 15. d3 Rae8 16. Qd5+ Kh8 17. Qa5 Qf7 18. Bd2 Re2 19. Be1 Qf4 20. g3 Qf3
21. Qxa7 Be5 22. c3 h5 23. cxd4 h4 0-1